El fenómeno místico: estudio comparado
Kaydedildi:
| Yazar: | |
|---|---|
| Materyal Türü: | Kitap |
| Dil: | İspanyolca |
| Baskı/Yayın Bilgisi: |
Madrid
Trotta
1999
|
| Seri Bilgileri: | Colección Estructuras y procesos. Serie Religión
|
| Konular: | |
| Etiketler: |
Etiketle
Etiket eklenmemiş, İlk siz ekleyin!
|
MARC
| LEADER | 00000nam a2200000 a 4500 | ||
|---|---|---|---|
| 001 | UCM6034 | ||
| 003 | CL-VaPUC | ||
| 008 | 021025e19990000SP |||||||||||||||||spa|d | ||
| 082 | 0 | 4 | |a 291.422 |b MAR |2 21 |
| 100 | |a Martín Velasco, Juan de Dios |e autor |9 581382 | ||
| 245 | 1 | 3 | |a El fenómeno místico: estudio comparado |
| 300 | |a 509 p | ||
| 942 | |c BK | ||
| 945 | |d 20021025 00:00:00 |a cmena | ||
| 260 | |a Madrid |b Trotta |c 1999 | ||
| 650 | 7 | |a RELIGION COMPARADA |2 CL-VaPUC |9 472031 | |
| 650 | 0 | |a Misticismo |9 265505 | |
| 650 | 0 | |a Filosofía de la religión |9 256017 | |
| 650 | 0 | |a Pluralismo religioso |9 393164 | |
| 583 | |a last modification |c 20021025 00:00:00 |k Rodrigo Vera | ||
| 490 | 0 | |a Colección Estructuras y procesos. Serie Religión | |
| 999 | |c 301700 |d 301698 | ||
| 952 | |0 0 |1 0 |4 0 |6 291_422000000000000_MAR_1999 |7 0 |8 A |9 361214 |a BIBTEO |b BIBTEO |d 2019-11-21 |i 3843645 |o 291.422 MAR 1999 |p 3843645 |r 2024-01-18 |w 2019-11-21 |y BK |k ICR | ||